महाभारत : (Record no. 122178)

MARC details
000 -LEADER
fixed length control field 01081nam a22002777a 4500
003 - CONTROL NUMBER IDENTIFIER
control field OSt
005 - DATE AND TIME OF LATEST TRANSACTION
control field 20170124103227.0
008 - FIXED-LENGTH DATA ELEMENTS--GENERAL INFORMATION
fixed length control field 160913b xxu||||| |||| 00| 0 eng d
010 ## - LIBRARY OF CONGRESS CONTROL NUMBER
LC control number B-111808
020 ## - INTERNATIONAL STANDARD BOOK NUMBER
Terms of availability 450.00
International Standard Book Number 818747108
035 ## - SYSTEM CONTROL NUMBER
System control number B-111808
037 ## - SOURCE OF ACQUISITION
Source of stock number/acquisition Cen Lib / Ret
040 ## - CATALOGING SOURCE
Original cataloging agency DPL
Language of cataloging HN
Transcribing agency TIT
082 ## - DEWEY DECIMAL CLASSIFICATION NUMBER
Classification number 230.1
Item number राहुल
100 ## - MAIN ENTRY--PERSONAL NAME
Personal name वेदव्यास
9 (RLIN) 134280
245 ## - TITLE STATEMENT
Title महाभारत :
Statement of responsibility, etc राहुल
Remainder of title मूल कथा /
246 ## - VARYING FORM OF TITLE
Title proper/short title Mahabharat : mool katha /
Remainder of title by Rahul
260 ## - PUBLICATION, DISTRIBUTION, ETC. (IMPRINT)
Place of publication, distribution, etc नई दिल्ली
Name of publisher, distributor, etc स्टैण्डर्ड पब्लिशर्स
Date of publication, distribution, etc 2003
270 ## - ADDRESS
Address जी-126/2, स्ट्रीट न. 26, राजापुरी मेन रोड उतम नगर
City नई दिल्ली
Postal code 110059
300 ## - PHYSICAL DESCRIPTION
Extent v.2. 304p. ; v.2. 304p. ;
650 ## - SUBJECT ADDED ENTRY--TOPICAL TERM
Topical term or geographic name as entry element Mahabharata.
9 (RLIN) 143405
650 ## - SUBJECT ADDED ENTRY--TOPICAL TERM
Topical term or geographic name as entry element Hindu philosophy.
9 (RLIN) 143406
650 ## - SUBJECT ADDED ENTRY--TOPICAL TERM
Topical term or geographic name as entry element महाभारत
9 (RLIN) 143407
650 ## - SUBJECT ADDED ENTRY--TOPICAL TERM
Topical term or geographic name as entry element हिंदू दर्शन
9 (RLIN) 143408
942 ## - ADDED ENTRY ELEMENTS (KOHA)
Source of classification or shelving scheme Dewey Decimal Classification
Koha item type Hindi Books
Classification part 230.1
Call number suffix राहुल
Holdings
Withdrawn status Lost status Source of classification or shelving scheme Materials specified (bound volume or other part) Damaged status Not for loan Home library Current library Date acquired Source of acquisition Cost, normal purchase price Total Checkouts Total Renewals Full call number Barcode Date last seen Date checked out Cost, replacement price Price effective from Koha item type
    Dewey Decimal Classification v.2     Central Library Central Library 05/03/2016 Cen Lib/Ret 450.00 2 1 230.1 राहुल B-111808 22/08/2017 05/08/2017 450.00 05/03/2016 Hindi Books

© Delhi Public Library
Hit Counter
free hit counter